All 10k+ cities in North Carolina on a Map - Statistics

General Stats
  • This quiz has been taken 196 times
  • The average score is 33 of 88
Answers on the Map
Answers color-coded by a green-red scale on the quiz's map according to % correct below.
 
Answer Stats
City Population % Correct
Charlotte 874,948
100%
Raleigh 465,861
98%
Greensboro 295,873
93%
Winston-Salem 249,231
93%
Durham 281,679
90%
Asheville 94,353
88%
Wilmington 115,887
88%
Fayetteville 210,894
86%
Cary 174,803
79%
Greenville 90,953
75%
Chapel Hill 57,017
72%
High Point 114,767
69%
Jacksonville 73,270
66%
Concord 104,913
65%
Gastonia 80,561
61%
Apex 65,212
55%
Kannapolis 55,369
54%
New Bern 31,338
53%
Rocky Mount 54,382
53%
Hickory 43,688
50%
Burlington 57,547
49%
Goldsboro 34,495
47%
Wake Forest 49,723
47%
Henderson 15,060
46%
Boone 19,532
45%
Huntersville 61,609
43%
Elizabeth City 18,644
41%
Hendersonville 15,210
41%
Mooresville 50,562
40%
Salisbury 35,328
40%
Lumberton 18,882
37%
Wilson 48,461
36%
Roanoke Rapids 15,195
35%
Statesville 28,599
35%
Asheboro 27,243
34%
Monroe 34,685
34%
Lexington 19,513
33%
Davidson 14,847
31%
Fuquay-Varina 34,556
30%
Pinehurst 17,681
30%
Eden 15,416
29%
Holly Springs 41,574
29%
Lenoir 18,350
29%
Elon 10,932
28%
Indian Trail 40,304
28%
Matthews 29,520
28%
Morganton 17,510
28%
Shelby 21,953
28%
Albemarle 16,399
26%
Clayton 26,698
26%
Cornelius 31,523
26%
Kinston 19,763
26%
Sanford 30,231
26%
Tarboro 10,684
26%
Laurinburg 15,100
25%
Mount Airy 10,669
25%
Southern Pines 15,686
25%
Garner 31,412
24%
Kings Mountain 11,197
24%
Morrisville 30,072
24%
Carrboro 21,281
23%
Kernersville 26,579
23%
Waynesville 10,244
23%
Belmont 15,165
22%
Mint Hill 26,532
22%
Thomasville 27,126
22%
Graham 17,160
21%
Harrisburg 18,913
21%
Leland 25,163
21%
Mount Holly 17,764
21%
Smithfield 11,373
21%
Lincolnton 11,135
20%
Mebane 18,238
20%
Waxhaw 20,780
20%
Clemmons 21,233
19%
Knightdale 19,454
19%
Newton 13,153
19%
Pineville 10,638
18%
Winterville 10,510
18%
Havelock 17,916
17%
Reidsville 14,593
17%
Archdale 11,906
16%
Hope Mills 17,821
15%
Stallings 16,207
15%
Weddington 13,248
15%
Spring Lake 11,650
14%
Lewisville 13,415
12%
Summerfield 10,956
8%
No matching quizzes found
Score Distribution
Percent of People with Each Score
Percentile by Number Answered
Your Score History
You have not taken this quiz